LEADER 00956nam a2200265 i 4500 001 991000746079707536 005 20020503201133.0 008 940518s1976 us ||| | eng 020 $a0824763440 035 $ab10123052-39ule_inst 035 $aLE02521495$9ExL 040 $aFac. Economia$bita 082 0 $a519.86 100 1 $aBurr, Irving W$056712 245 10$aStatistical quality control methods /$cIrving W. Burr 260 $aNew York ; Basel :$bDekker,$cc1976 300 $avii, 522 p. ;$c25 cm. 490 0 $aStatistics, textbooks and monographs ;$v16 650 4$aControllo di qualità$xMetodi statistici 907 $a.b10123052$b17-02-17$c27-06-02 912 $a991000746079707536 945 $aLE025 ECO 519 BUR01.01$g1$i2025000018099$lle025$o-$pE0.00$q-$rl$s- $t0$u0$v0$w0$x0$y.i1014433x$z27-06-02 996 $aStatistical quality control methods$9198800 997 $aUNISALENTO 998 $ale025$b01-01-94$cm$da $e-$feng$gus $h0$i1 LEADER 04764oam 2200949 450 001 9910138889303321 005 20230714211045.0 010 $a1-5261-3722-4 010 $a1-280-73394-2 010 $a1-84779-127-1 010 $a9786610733941 024 7 $a10.7765/9781526137227 035 $a(CKB)2450000000001287 035 $a(EBL)1069475 035 $a(OCoLC)808382385 035 $a(SSID)ssj0000287885 035 $a(PQKBManifestationID)12094996 035 $a(PQKBTitleCode)TC0000287885 035 $a(PQKBWorkID)10370773 035 $a(PQKB)11723086 035 $a(Au-PeEL)EBL1069475 035 $a(CaPaEBR)ebr10623319 035 $a(CaONFJC)MIL73394 035 $a(MiAaPQ)EBC1069475 035 $a(oapen)https://directory.doabooks.org/handle/20.500.12854/27123 035 $a(UkMaJRU)992979627125701631 035 $a(DE-B1597)658992 035 $a(DE-B1597)9781526137227 035 $a(EXLCZ)992450000000001287 100 $a20191125h20182002 fy 0 101 0 $aeng 135 $aur||#---||||| 181 $ctxt$2rdacontent 182 $cc$2rdamedia 183 $acr$2rdacarrier 200 10$aAcross the margins $ecultural identity and change in the Atlantic archipelago /$fedited by Glenda Norquay and Gerry Smyth 210 1$aManchester, UK :$cManchester University Press,$d2018. 210 4$d©2002 215 $a1 online resource (viii, 214 pages) $cdigital file(s) 300 $aDescription based upon print version of record. 300 $aFirst published: 2002. 311 $a0-7190-5749-3 320 $aIncludes bibliographical references and index. 327 $aPt. I. Theorising identities across the Atlantic Archipelago: Ireland, verses, Scotland : crossing the (English) language barrier / Willy Maley ; 'A warmer memory' : speaking of Ireland / Colin Graham ; 'Where do you belong?' : De-scribing imperial identity from alien to migrant / Peter Childs ; Gender and nation : debatable lands and passable boundaries / Aileen Christianson ; The union and jack : British masculinities, pomophobia, and the post-nation / Berthold Schoene -- pt. II. Cultural negotiations: Paper margins : the 'outside' in poetry in the 1980s and 1990s / Linden Peach ; Sounding out the margins : ethnicity and popular music in British cultural studies / Sean Campbell ; Cool enough for Lou Reed? : the plays of Ed Thomas and the cultural politics of South Wales / Shaun Richards ; Waking up in a different place : contemporary Irish and Scottish fiction / Glenda Norquay and Gerry Smyth ; Finding Scottish art. 330 $aContributors to this text discuss what it is to be British or Irish, and how people come to describe themselves as such. The study offers a comparative, theoretically informed analysis of the cultural formation of the Atlantic Archipelago, working across the disciplines of history, geography, literature and cultural studies. It also includes specific case-studies on contemporary poetry, fiction, drama, popular music and art. The essaye respond to recent constitutional developments in Great Britain and Ireland, exploring their implications both for the cultural negotiation of marginality and fo 606 $aBritish literature$xHistory and criticism 606 $aNationalism$zGreat Britain 606 $aEnglish literature$xIrish authors$xHistory and criticism 606 $aEnglish literature$xScottish authors$xHistory and criticism 606 $aEnglish literature$xWelsh authors$xHistory and criticism 606 $aLiterature: History & Criticism$2bicssc 606 $aLITERARY CRITICISM / General$2bisach 607 $aIreland$xCivilization$y20th century 607 $aScotland$xCivilization$y20th century 607 $aNorthern Ireland$xCivilization 607 $aWales$xCivilization 610 $aliterature 610 $aculture 610 $atransatlantic 610 $aEngland 610 $aEthnic group 610 $aIreland 610 $aIrish language 610 $aScotland 610 $aScottish people 615 0$aBritish literature$xHistory and criticism. 615 0$aNationalism 615 0$aEnglish literature$xIrish authors$xHistory and criticism. 615 0$aEnglish literature$xScottish authors$xHistory and criticism. 615 0$aEnglish literature$xWelsh authors$xHistory and criticism 615 7$aLiterature: History & Criticism 615 7$aLITERARY CRITICISM / General 676 $a306.0941 676 $a941.5 700 $aSmyth$b Gerry$4auth 701 $aNorquay$b Glenda$f1958-$0800752 701 $aSmyth$b Gerry$f1961-$0799392 801 2$bUkMaJRU 906 $aBOOK 912 $a9910138889303321 996 $aAcross the margins$92191316 997 $aUNINA LEADER 04413nam 22009015 450 001 9910956617503321 005 20240801035718.0 010 $a9781137414328 010 $a1137414324 024 7 $a10.1057/9781137414328 035 $a(CKB)2670000000567296 035 $a(EBL)1765655 035 $a(SSID)ssj0001657103 035 $a(PQKBManifestationID)16439813 035 $a(PQKBTitleCode)TC0001657103 035 $a(PQKBWorkID)14989495 035 $a(PQKB)10241196 035 $a(SSID)ssj0001287886 035 $a(PQKBManifestationID)12541646 035 $a(PQKBTitleCode)TC0001287886 035 $a(PQKBWorkID)11291781 035 $a(PQKB)11583309 035 $a(MiAaPQ)EBC1765655 035 $a(DE-He213)978-1-137-41432-8 035 $a(Perlego)3490287 035 $a(EXLCZ)992670000000567296 100 $a20151208d2014 u| 0 101 0 $aeng 135 $aur|n|---||||| 181 $ctxt 182 $cc 183 $acr 200 10$aBecoming an African Diaspora in Australia $eLanguage, Culture, Identity /$fby F. Ndhlovu 205 $a1st ed. 2014. 210 1$aLondon :$cPalgrave Macmillan UK :$cImprint: Palgrave Macmillan,$d2014. 215 $a1 online resource (241 p.) 300 $aDescription based upon print version of record. 311 08$a9781349490226 311 08$a1349490229 311 08$a9781137414311 311 08$a1137414316 320 $aIncludes bibliographical references and index. 327 $aCover; Half-Title; Title; Copyrihgt; Dedication; Contets; List of Illustrations; Preface; Acknowledgements; List of Abbreviations and Acronyms; 1 Introduction and Conceptual Issues; 2 Language and Identity in Australian Immigration Policy; 3 Language(s) and Nationality: Prime Markers of Diaspora Identities?; 4 Belonging and Attitudes Towards Migrant Heritage Languages; 5 Too Tall, Too Dark to Be Australian; 6 Being and Becoming Australian; 7 Language Practices in Regional Settings - The Language Nesting Model; 8 Conclusion: Alternative Imaginings of Diasporas - Insights from Decoloniality 327 $aAppendicesNotes; References; Index 330 $aBecoming an African Diaspora in Australia extends debates on identities, cultures and notions of race and racism into new directions as it analyses the forms of interactional identities of African migrants in Australia. It de-naturalises the commonplace assumptions and imaginations about the cultures and identities of African diaspora communities, and probes the relevance and usefulness of identity markers such as country of origin, nationality, ethnicity, ethnic/heritage language and mother tongue. Current cultural frames of identity representation have so far failed to capture the complexities of everyday lived experiences of transnational individuals and groups. Therefore by drawing on fresh concepts and recent empirical evidence, this book invites the reader to revisit and rethink the vocabularies that we use to look at identity categories such as race, culture, language, ethnicity, nationality, and citizenship, and introduces a new language nesting model of diaspora identity. This book will be of great interest to all students of migration, diaspora, African and Australian studies. 606 $aAfrican literature 606 $aAfrican languages 606 $aSociolinguistics 606 $aApplied linguistics 606 $aEthnology$zAfrica 606 $aCulture 606 $aRace 606 $aAfrican Literature 606 $aAfrican Languages 606 $aSociolinguistics 606 $aApplied Linguistics 606 $aAfrican Culture 606 $aRace and Ethnicity Studies 615 0$aAfrican literature. 615 0$aAfrican languages. 615 0$aSociolinguistics. 615 0$aApplied linguistics. 615 0$aEthnology 615 0$aCulture. 615 0$aRace. 615 14$aAfrican Literature. 615 24$aAfrican Languages. 615 24$aSociolinguistics. 615 24$aApplied Linguistics. 615 24$aAfrican Culture. 615 24$aRace and Ethnicity Studies. 676 $a305.896/094 686 $aLAN009050$aSOC007000$aSOC056000$2bisacsh 700 $aNdhlovu$b F$4aut$4http://id.loc.gov/vocabulary/relators/aut$01790959 906 $aBOOK 912 $a9910956617503321 996 $aBecoming an African Diaspora in Australia$94327806 997 $aUNINA